Statistics for Taylor Swift - Last Kiss Lyrics

Click here to take the quiz!

General Stats

  • This quiz has been taken 105 times
    (99 since last reset)
  • The average score is 356 of 403

Answer Stats

Answer% Correct
I
100%
kiss
100%
last
100%
last-
100%
Never
98%
never
98%
we'd
98%
a
97%
have
97%
like
97%
me
97%
thought
97%
you
97%
You
97%
your
97%
Your
97%
for
95%
on
95%
So
95%
so
95%
The
95%
the
95%
end
93%
in
93%
it
93%
our
93%
this
93%
to
93%
I'm
92%
just
92%
Just
92%
lips
92%
my
92%
be
90%
forever
90%
Forever
90%
it's
90%
name
90%
us
90%
used
90%
at
89%
feel
89%
i'll
89%
imagined
89%
love
89%
of
89%
remember
89%
still
89%
That
89%
that
89%
where
89%
And
87%
and
87%
But
87%
but
87%
did
87%
face
87%
go
87%
how
87%
How
87%
know
87%
life
87%
loved
87%
pictures
87%
sleep
87%
told
87%
watch
87%
why
87%
are
85%
breathe
85%
day
85%
do
85%
don't
85%
forget
85%
had
85%
look
85%
not
85%
when
85%
1:58
84%
beautiful
84%
Hope
84%
hope
84%
nice
84%
with
84%
can
82%
friends
82%
hands
82%
middle
82%
shines
82%
something
82%
sun
82%
was
82%
you'd
82%
floor
80%
is
80%
miss
80%
Oh
80%
old
80%
sit
80%
them
80%
You're
80%
All
79%
ask
79%
Away
79%
away?
79%
clothes
79%
heart
79%
July
79%
now
79%
saying
79%
smell
79%
wearing
79%
beat
77%
father
77%
keep
77%
ninth
75%
party
75%
plan
75%
rain
75%
reminds
75%
then
75%
There's
75%
those
75%
up
75%
whispered
75%
again
74%
off
74%
rude
74%
stayed
74%
through
74%
time
74%
wish
74%
words
74%
changing
72%
dancing
72%
Lit
72%
pockets
72%
shirt
72%
Because
70%
darkness
70%
handshake
70%
meeting
70%
mind
70%
much
70%
pavement
70%
interuptions
69%
planned
69%
pull
69%
recall
69%
showing
69%
walk
69%
change
67%
Fresh
67%
ran
67%
weather
67%
arms
66%
i'd
66%
eyes
64%
plane
61%
roll
61%
step
59%
jumps
56%
swing
52%

Score Distribution

Percentile by Number Answered

Percent of People with Each Score

Your Score History

You have not taken this quiz since the last reset